000 nam a22 7a 4500
999 _c27833
_d27832
003 OSt
005 20170518104736.0
008 170512b xxu||||| |||| 00| 0 eng d
020 _a9780495006039
040 _aMMU
_beng
_cMMU
_dMMU
050 _aRM700 .R44 2006
245 _aCrime Victims :
_ban introduction to victimology /
_cAndrew Karmen
250 _a6th ed.
260 _aBelmont :
_bThomson higher learning,
_c2006
300 _a445 p.:
_bill.;
500 _aIncludes index.
650 _aCrime Victims
942 _2lcc
_cLOAN LOAN